000 00319nam a2200109Ia 4500
008 171211s9999 xx 000 0 und d
245 _aRex Ingram: Visionary Director of the Silent Screen
245 _cRuth Barton Ph.D.
260 _c2014
650 _xCINEMA
856 _uhttp://down.ebook777.com/065/9780813147093.pdf
999 _c349381
_d349381